000 01078nam a2200385 a 4500
001 vtls000013596
003 NLI
005 20210601181530.0
008 101125s1950 enka 001 0 eng
020 _c$ 25.00
039 9 _y201011250107
_zVLOAD
040 0 _aNLI
_beng
_cVERGIS-2003
041 0 _aeng
044 _aenk
082 0 4 _a628.1
100 1 _aVeal, T.H.P.
_qThomas Henry Perey
_951706
245 1 4 _aThe Supply of water/
_cT.H.P.Veal
250 _a2nd rev. ed.
260 _aLondon:
_bChapman Hall,
_c1950
300 _axi,276p.:
_bill.;
_c22cm.
504 _aIncludes bibliographical reference and index
650 0 _aWater supply engineering
_939775
650 0 _aWater
_xPurification
_951707
650 0 _aWater
_xSupply
_941365
650 0 _aHydraulic engineering
_9603
887 _aP.Prabakar
901 _a374335
_b23/03/1965
902 _aE 628.1 V 483
903 _a03/03/2004
904 _aP.Prabakar
906 _a012529
949 _AVIRTUAITEM
_D10000
_F1
_X100
_6PUR000374335ENG
_aE 628.1 V483
942 _2ddc
_cBKS
999 _c19030
_d19030